[Event "LSS SB-2009-0-00061"]
[Site "LSS email"]
[Date "2009.09.15"]
[Round "?"]
[White "Marculescu, Gheorghe"]
[Black "Ortiz, Eric"]
[Result "1/2-1/2"]
[WhiteElo "1783"]
[BlackElo "2035"]
[PlyCount "61"]
[EventDate "2009.08.06"]
[EventType "tourn (corr)"]
[EventRounds "6"]
[EventCountry "GER"]
[SourceTitle "Corr 2013"]
[Source "ChessBase"]
[SourceDate "2012.11.12"]
[SourceVersion "1"]
[SourceVersionDate "2012.11.12"]
[SourceQuality "1"]
[WhiteTeam "US of America"]
[BlackTeam "US of America"]
[WhiteTeamCountry "USA"]
[BlackTeamCountry "USA"]

1. e4 c5 2. Nf3 d6 3. d4 cxd4 4. Nxd4 Nf6 5. Nc3 a6 6. Bc4 e6 7. 0-0 Qc7 8. Be2 Be7 9. Qd3 b5 10. b4 Bb7 11. a4 bxa4 12. Rxa4 0-0 13. b5 Nbd7 14. Qg3 Bxe4 15. Rc4 Nc5 16. Nb3 Qb7 17. Nxc5 dxc5 18. bxa6 Qc6 19. Nxe4 Nxe4 20. Qe3 Nf6 21. Rf4 Nd5 22. Qf3 f5 23. Rd1 Bg5 24. Rc4 Bxc1 25. Rxc1 Rxa6 26. Rxc5 Qxc5 27. Bxa6 Rd8 28. Qb3 Rd6 29. Bc4 Kf7 30. Rd1 Rb6 31. Qd3 1/2-1/2

[Event "LSS SB-2009-0-00057"]
[Site "LSS email"]
[Date "2009.08.07"]
[Round "?"]
[White "Soreghy, Janos"]
[Black "Ortiz, Eric"]
[Result "0-1"]
[WhiteElo "1872"]
[BlackElo "2035"]
[PlyCount "102"]
[EventDate "2009.06.19"]
[EventType "tourn (corr)"]
[EventRounds "6"]
[EventCountry "GER"]
[SourceTitle "Corr 2013"]
[Source "ChessBase"]
[SourceDate "2012.11.12"]
[SourceVersion "1"]
[SourceVersionDate "2012.11.12"]
[SourceQuality "1"]
[WhiteTeam "US of America"]
[BlackTeam "US of America"]
[WhiteTeamCountry "USA"]
[BlackTeamCountry "USA"]

1. d4 Nf6 2. c4 e6 3. Nc3 Bb4 4. e3 b6 5. Nge2 Ba6 6. Ng3 Bxc3+ 7. bxc3 d5 8. Ba3 Bxc4 9. Bxc4 dxc4 10. Qa4+ Qd7 11. Qxc4 Qc6 12. Qxc6+ Nxc6 13. c4 a6 14. 0-0 h5 15. f3 h4 16. Ne2 0-0-0 17. Rfd1 Rh5 18. Bb2 e5 19. e4 Nxd4 20. Nxd4 exd4 21. Rxd4 Rxd4 22. Bxd4 Nd7 23. Kf2 f6 24. Rc1 Ra5 25. Rc2 Nb8 26. Ke3 Nc6 27. Bc3 Ra4 28. Be1 g5 29. c5 b5 30. h3 Ra3+ 31. Kf2 Kd7 32. Bd2 Ke6 33. Kf1 Ra4 34. Kf2 a5 35. Kf1 Nd4 36. Rb2 b4 37. f4 gxf4 38. Bxf4 c6 39. Rd2 Nb5 40. Kf2 Nc3 41. Rd6+ Kf7 42. Kf3 Rxa2 43. e5 b3 44. Rxf6+ Kg7 45. Bh6+ Kh7 46. Bc1 Ne2 47. Ba3 Kg7 48. Rd6 Rxa3 49. Kxe2 b2 50. Rd7+ Kg6 51. Rb7 Ra2 0-1

[Event "LSS SB-2009-0-00053"]
[Site "LSS email"]
[Date "2009.06.20"]
[Round "?"]
[White "Ortiz, Eric"]
[Black "Soreghy, Janos"]
[Result "1-0"]
[WhiteElo "1933"]
[BlackElo "1846"]
[PlyCount "83"]
[EventDate "2009.04.30"]
[EventType "tourn (corr)"]
[EventRounds "6"]
[EventCountry "GER"]
[SourceTitle "Telechess CBM 137"]
[Source "ChessBase"]
[SourceDate "2010.07.15"]
[SourceVersion "1"]
[SourceVersionDate "2010.07.15"]
[SourceQuality "1"]

1. e4 e5 2. Nf3 Nc6 3. Bb5 a6 4. Ba4 Nf6 5. 0-0 Be7 6. Re1 b5 7. Bb3 0-0 8. h3 Bb7 9. c3 d6 10. d4 Re8 11. Nbd2 Bf8 12. a4 h6 13. Bc2 exd4 14. cxd4 Nb4 15. Bb1 c5 16. d5 Qb6 17. Nf1 g6 18. Bd2 Bg7 19. Bc3 Qc7 20. Ra3 bxa4 21. N3d2 Nd7 22. Bxg7 Kxg7 23. Rg3 a5 24. Ne3 Kh7 25. Ndc4 Ba6 26. Qf3 Re7 27. Nf5 Ne5 28. Nxe5 Rxe5 29. Nxd6 Qxd6 30. Qxf7+ Kh8 31. Rxg6 Qf8 32. Qc7 Qe7 33. Qb6 Nxd5 34. Qc6 Ra7 35. Rxh6+ Kg8 36. Qg6+ Qg7 37. Qd6 Kf7 38. Ba2 c4 39. Rh4 Rae7 40. Qxa6 Qf6 41. Rh7+ Kg6 42. Qxf6+ 1-0

[Event "LSS SB-2009-0-00053"]
[Site "LSS email"]
[Date "2009.06.20"]
[Round "?"]
[White "Osipov, Anatoly Vladimirovi"]
[Black "Ortiz, Eric"]
[Result "0-1"]
[WhiteElo "1840"]
[BlackElo "1980"]
[PlyCount "62"]
[EventDate "2009.04.30"]
[EventType "tourn (corr)"]
[EventRounds "6"]
[EventCountry "GER"]
[SourceTitle "Telechess CBM 137"]
[Source "ChessBase"]
[SourceDate "2010.07.15"]
[SourceVersion "1"]
[SourceVersionDate "2010.07.15"]
[SourceQuality "1"]

1. e4 c5 2. Nf3 d6 3. Bc4 Nf6 4. Nc3 e6 5. d4 cxd4 6. Qxd4 a6 7. 0-0 Nc6 8. Qd3 b5 9. Bb3 Be7 10. Rd1 0-0 11. Bf4 Qb6 12. a3 Bb7 13. h3 Rac8 14. Ng5 Ne5 15. Qg3 Nh5 16. Qh4 g6 17. Bxe5 dxe5 18. Rd7 Bf6 19. Qg4 Rcd8 20. Rad1 Nf4 21. h4 Rxd7 22. Rxd7 h6 23. Nh3 h5 24. Qf3 Nxh3+ 25. Qxh3 Bc6 26. Rd3 Kg7 27. g3 a5 28. Re3 a4 29. Ba2 Be7 30. Qf1 Bc5 31. Re1 f5 0-1

[Event "LSS SB-2009-0-00053"]
[Site "LSS email"]
[Date "2009.06.20"]
[Round "?"]
[White "Smith, Douglas Royston"]
[Black "Ortiz, Eric"]
[Result "0-1"]
[WhiteElo "1954"]
[BlackElo "1901"]
[PlyCount "38"]
[EventDate "2009.04.30"]
[EventType "tourn (corr)"]
[EventRounds "6"]
[EventCountry "GER"]
[SourceTitle "Corr 2011"]
[Source "ChessBase"]
[SourceDate "2010.08.31"]
[SourceVersion "1"]
[SourceVersionDate "2010.08.31"]
[SourceQuality "1"]

1. Nf3 Nf6 2. g3 d5 3. Bg2 c6 4. d4 Bf5 5. 0-0 e6 6. c4 Nbd7 7. Nc3 dxc4 8. a4 a5 9. Nh4 Bg4 10. f3 Bh5 11. e4 h6 12. Bh3 Qb6 13. g4 g5 14. Ng2 Bg6 15. Ne3 e5 16. Ne2 Qa6 17. Bd2 0-0-0 18. Bc3 Nc5 19. Qc2 Nfxe4 0-1

[Event "LSS SB-2009-0-00049"]
[Site "LSS email"]
[Date "2009.05.01"]
[Round "?"]
[White "Ortiz, Eric"]
[Black "Weiss, Lester P"]
[Result "1/2-1/2"]
[WhiteElo "1892"]
[BlackElo "1977"]
[PlyCount "37"]
[EventDate "2009.03.14"]
[EventType "tourn (corr)"]
[EventRounds "6"]
[EventCountry "GER"]
[SourceTitle "Corr 2011"]
[Source "ChessBase"]
[SourceDate "2010.08.31"]
[SourceVersion "1"]
[SourceVersionDate "2010.08.31"]
[SourceQuality "1"]

1. d4 Nf6 2. c4 g6 3. Nc3 d5 4. cxd5 Nxd5 5. e4 Nxc3 6. bxc3 Bg7 7. Nf3 c5 8. Be3 Qa5 9. Qd2 Nc6 10. Rc1 cxd4 11. cxd4 Qxd2+ 12. Kxd2 0-0 13. d5 Rd8 14. Ke1 Na5 15. Bd2 b6 16. Bb4 Bf8 17. Ne5 e6 18. Bxa5 bxa5 19. Bc4 1/2-1/2